| 000 | 00363nam a2200145Ia 4500 | ||
|---|---|---|---|
| 008 | 230917s9999||||xx |||||||||||||| ||und|| | ||
| 040 |
_e28810 _aMAIN |
||
| 041 | _aEnglish | ||
| 082 | _a363.7 S59E | ||
| 100 | _aSheth, Pravin | ||
| 245 | 0 | _aEnvironmentalism: Politics, ecology and development | |
| 260 |
_aJaipur _bRawat _c1997 |
||
| 300 | _a338 p. | ||
| 942 | _cBK | ||
| 999 |
_c91378 _d91378 |
||